TV Kids by Show Countdown Quiz Stats

 Plays Quiz Updated Oct 18, 2017

Score 0/36 Timer 07:00
4 Plays Today
% Correct
Marcia
88.8%
Cindy
87.9%
Bobby
87.8%
Jan
86.6%
Greg
85.6%
Peter
85.3%
Alex
76.8%
Wally
75.7%
Willis
75.6%
Arnold
73.4%
Danny
73.2%
Mallory
69.7%
Theodore
66%
Rory
62.1%
Keith
60.9%
Brendan
60.6%
J.T.
60.6%
Jennifer
59.5%
% Correct
Dana
58%
Nicholas
56.2%
Laurie
55.3%
David
54.9%
Nancy
53.8%
Karen
53.4%
Tommy
53.3%
Mary
53.3%
Elizabeth
53.3%
Susan
52%
Joanie
51%
Kimberly
50%
Mark
47.7%
Andrew
44.1%
Al
43%
Lilly
41.6%
Tracy
41.5%
Chris
40.4%

You're not logged in!

Compare scores with friends on all Sporcle quizzes.
OR
Log In

You Might Also Like...

Show Comments

Extras

Top Quizzes Today


Score Distribution

Your Account Isn't Verified!

In order to create a playlist on Sporcle, you need to verify the email address you used during registration. Go to your Sporcle Settings to finish the process.

Report this User

Report this user for behavior that violates our Community Guidelines.

Details: